000 00212 a2200109 4500
020 _a843391734x
041 _aspa
100 _aAlvaro Pombo
245 _aLos delitos insignificantes
942 _cBK
952 _71
999 _c22619
_d22619